WHO built America? ?: working people and the nation’s economy,politics, culture, and society
Guardat en:
| Format: | Llibre |
|---|---|
| Idioma: | anglès |
| Publicat: |
Pantheon Books
1992
|
| Etiquetes: |
Afegir etiqueta
Sense etiquetes, Sigues el primer a etiquetar aquest registre!
|
MARC
| LEADER | 00000nam a22000007a 4500 | ||
|---|---|---|---|
| 008 | 211215b ||||| |||| 00| 0 eng d | ||
| 020 | |a 0-679-73022-2 | ||
| 245 | |a WHO built America? |b ?: working people and the nation’s economy,politics, culture, and society |c Joshua Freeman …[et al] |g xxvii, 723p.; ill. | ||
| 260 | |b Pantheon Books |c 1992 |h New York |i 693711 – Vol.2 |l HD8066 .W62 |m Working class - United States - History |m United States - Social conditions |m United States - History |m Freeman, Joshua. |m .Series. | ||
| 500 | |a “It includes references and index”. (American Social History Project) | ||
| 942 | |a lcc |c BK |e Ifatola, J. O. |f 15/ 12/ 2021 | ||
| 952 | |0 0 |1 0 |2 lcc |4 0 |6 HD8066 W62 |7 0 |9 3960 |a HOL |b HOL |c GJ |d 2021-12-15 |l 0 |o HD8066 .W62 |p 2021-67683 |r 2021-12-15 00:00:00 |t 693711 – Vol.2 |w 2021-12-15 |y BK | ||
| 999 | |c 1987 |d 1987 | ||